Statistics for Past Austrias

Click here to take the quiz!

General Stats

  • This quiz has been taken 3 times
  • The average score is 6 of 12

Answer Stats

HintAnswer% Correct
1919-1934Republic of Austria
100%
1945-PresentRepublic of Austria
100%
1453-1804Archduchy of Austria
67%
1942-1945Alpine and Danube Reichsgaue
33%
1156-1453Duchy of Austria
33%
1804-1867Empire of Austria
33%
1934-1938Federal State of Austria
33%
970-1156Margraviate of Austria
33%
1940-1942Reichsgaue of the Ostmark
33%
1918-1919Republic of German-Austria
33%
1938-1940State of Austria
33%
1867-1918The Kingdoms and Lands Represented in the Imperial Council
33%

Score Distribution

Percentile by Number Answered

Percent of People with Each Score

Your Score History

You have not taken this quiz